000 00826nam a22002057a 4500
999 _c7621
_d7621
003 AR-CdUCM
008 190321b ||||| |||| 00| 0 spa d
040 _aMUNICIPALIDAD PROVINCIAL DEL CUSCO
_cBIBLIOTECA MUNICIPAL DEL CUSCO
082 _22ed.
_a613.2 /
_bB33
110 _aCOLMENA
_921514
245 _aBebés de biberón :
_bUna guía acerca del tema de la alimentación infantil /
260 _aCosta Rica :
_bColmena,
_c1976.
300 _a68 páginas ;
_bfotografías,
_c27 cm.
505 _aContenido: La desnutrición infantil y la alimentación con biberón -- La leche materna y el amamantamiento -- Mercadeo -- Explotación -- Acción ...
650 _aAlimentación infantil
_921515
650 _aAmérica Latina
_91130
650 _aImportancia de la leche materna
_921516
942 _2ddc
_cLIBROS
945 _aachl